000
00326nam a2200133Ia 4500
005
20251222141820.0
008
251222s9999||||xx |||||||||||||| ||spa||
082
_a
519.7/Y89/1974
100
_a
Yu Chuen Tao, Luis
245
0
_a
Aplicaciones Prácticas del PERT y CPM:
250
_a
5ta.ed.
264
_b
Deustuo
942
_c
LIB
999
_c
6777
_d
6777